| 000 | 00424nam a2200121Ia 4500 | ||
|---|---|---|---|
| 008 | 160227s9999 xx 000 0 und d | ||
| 100 | _aWelch, J. | ||
| 245 | _aiOS 5 in the Enterprise A hands-on guide to managing iPhones and iPads / | ||
| 245 | _cJ.Welch. | ||
| 260 | _c2012 | ||
| 650 | _xOperating systems. | ||
| 856 | _ufile://sisc-archangel/Staff/loclibclerk/Downloads/e-books%20for%20Information%20Technology%20(1).pdf | ||
| 999 |
_c291042 _d291042 |
||